000 00351nam a2200145Ia 4500
008 150301s2013 xx 000 0 und d
082 _a616.024
_bC13B
100 _aBALIGA, R.R.
245 _a250 CASES IN CLINICAL MEDICINE
250 _a4TH
260 _bSAUNDERS
_aEDINBURGH
_c2013
300 _a909
650 _aGENERAL MEDICINE
942 _2ddc
_cBK
999 _c6736
_d6736